| 000 | 00748nam a2200217Ia 4500 | ||
|---|---|---|---|
| 003 | GCL | ||
| 008 | 140319s9999 xx 000 0 ara d | ||
| 040 |
_aGCL / _cGCL |
||
| 082 | 0 | 4 |
_a133.9 _bم ا |
| 100 | 1 | _aرؤوف عبيد | |
| 245 | 1 | 0 |
_aالاتصال بين عالمين =THE LINK : _bدراسة لملكات غير مألوفة عند شاب فى الحلقة الثانية من عمره / _cرؤوف عبيد |
| 700 | 1 | _aماننج، ماثيو | |
| 700 | 1 | _aباندر، بيتر | |
| 260 |
_aالقاهرة : _bدار الفكر العربى ، _c1981 |
||
| 300 |
_a432 ص ؛ _c24 سم |
||
| 490 | _a | ||
| 650 | 0 | 4 | _aالارواح |
| 650 | 0 | 4 | _aالروحانيات |
| 650 | 0 | 4 | _aتحضير الارواح |
| 942 |
_2ddc _cBK |
||
| 999 |
_c39257 _d39257 |
||